00394nam a22001457a 4500082001000000100001800010245006900028260002700097300002200124526001900146700001900165700002000184710002200204710002200226 aP-817 aNawab, Ghani  aRun of river hydel power generation (Pilot study on kabul river) aRisalpur,bMCE,c2019. a60p.bill.c30cm. a0b0c0dP_817 aAbid, Dr Irfan aMuhammad Luqman aShakeel Ur rehman aYasin Fazal Karim